Obráběcí stroje na EMO Hannover 2005 : Sborník k bloku přednášek

Salvato in:
Dettagli Bibliografici
Ente Autore: EMO Hannover Hannover
Natura: Atti del Convegno Libro
Lingua:ceco
Pubblicazione: Praha : Společnost pro obráběcí stroje, 2006
Soggetti:
Tags: Aggiungi Tag
Nessun Tag, puoi essere il primo ad aggiungerne!!

MARC

LEADER 00000nam a22000003a 4500
001 stu117749
005 20150408182326.5
008 060510s2006----xr------------------cze-d
020 |a 80-903421-5-9 
040 |a STU  |b slo 
041 0 |a cze 
044 |a xr 
080 |a 621.9  |7 stu_us_auth*stu8061 
080 |a (063) 
111 2 |a EMO Hannover  |d (14.-21.9.2005 :  |c Hannover) 
245 |a Obráběcí stroje na EMO Hannover 2005 :  |b Sborník k bloku přednášek 
260 |a Praha :  |b Společnost pro obráběcí stroje,  |c 2006 
300 |a 204 s 
650 7 |a obrábacie stroje  |2 stusub 
996 |b 284M072936  |c M*Z-2791  |l MMKN  |s A  |a 24  |w stu117749_0001